Catálogo
 En Linea

Historia de España : (Registro nro. 7253)

Detalles MARC
000 -CABECERA
campo de control de longitud fija 01009cam a2200265 a 4500
001 - NÚMERO DE CONTROL
campo de control 000007472
005 - FECHA Y HORA DE LA ÚLTIMA TRANSACCIÓN
campo de control 20200929154201.0
008 - DATOS DE LONGITUD FIJA--INFORMACIÓN GENERAL
campo de control de longitud fija 930323s1996 sp a b 001 0 spa
020 ## - NÚMERO INTERNACIONAL ESTÁNDAR DEL LIBRO
Número Internacional Estándar del Libro 8420695696 (t. 4)
035 ## - NÚMERO DE CONTROL DEL SISTEMA
Número de control de sistema (DLC) 93130079
040 ## - FUENTE DE LA CATALOGACIÓN
Centro catalogador/agencia de origen DO-SdBNP
Lengua de catalogación spa
Centro/agencia transcriptor DLC
Centro/agencia modificador BNPHU
082 ## - NÚMERO DE LA CLASIFICACIÓN DECIMAL DEWEY
Número de clasificación 946
Número de documento/Ítem A579h
049 ## - FONDOS LOCALES (OCLC)
Fondos de biblioteca BNGR
100 1# - ENTRADA PRINCIPAL--NOMBRE DE PERSONA
Nombre de persona Anes, Gonzalo,
Forma completa/desarrollada del nombre (Gonzalo Anes Álvarez de Castrillón),
Fechas asociadas al nombre 1931-
9 (RLIN) 20765
245 10 - MENCIÓN DE TÍTULO
Título Historia de España :
Resto del título dirigida por Miguel Artola /
Mención de responsabilidad, etc. Gonzalo Anes.
260 ## - PUBLICACIÓN, DISTRIBUCIÓN, ETC.
Lugar de publicación, distribución, etc. Madrid :
Nombre del editor, distribuidor, etc. Alianza,
Fecha de publicación, distribución, etc. 1996.
300 ## - DESCRIPCIÓN FÍSICA
Extensión v. <4, 6 > :
Otras características físicas il. ;
Dimensiones 24 cm.
500 ## - NOTA GENERAL
Nota general Lam biblioteca posee el tomo cuatro.
504 ## - NOTA DE BIBLIOGRAFÍA, ETC.
Nota de bibliografía, etc. Includes bibliographical references and indexes.
505 1# - NOTA DE CONTENIDO CON FORMATO
Nota de contenido con formato -- 4. El siglo de las luces / Gonzalo Anes -- 6. Restauración la crisis de la monarquía (1874-1931) / Miguel Martínez Cuadrado
651 #4 - PUNTO DE ACCESO ADICIONAL DE MATERIA--NOMBRE GEOGRÁFICO
Nombre geográfico España
Subdivisión general Historia
9 (RLIN) 8844
700 1# - PUNTO DE ACCESO ADICIONAL--NOMBRE DE PERSONA
Nombre de persona Artola, Miguel.
9 (RLIN) 20766
730 0# - PUNTO DE ACCESO ADICIONAL--TÍTULO UNIFORME
Título uniforme Historia de España Alfaguara.
9 (RLIN) 20767
910 ## - DATOS DE OPCIÓN DEL USUARIO (OCLC)
Datos de opción del usuario Catalogación por copia / LC
Existencias
Estado de retiro Estado de pérdida Restricciones de uso No para préstamo Código de colección Localización permanente Ubicación/localización actual Ubicación en estantería Fecha de adquisición Número de inventario Total de préstamos Signatura topográfica completa Código de barras Fecha visto por última vez Precio válido a partir de Tipo de ítem Koha
    Préstamo interno   Monografías: Libros y Folletos General General En catalogación 08.09.2009 LF1   946 A579h 7472-10 25.06.2020 25.06.2020 Préstamo interno

Con tecnología Koha